Nghiên cứu khả năng sử dụng một số loài động vật hai mảnh vỏ để giám sát ô nhiễm kim loại nặng trong trầm tích tại khu vực cửa Đại, thành phố Hội An, tỉnh Quảng Nam

Đánh giá khả năng sử dụng động vật hai mảnh vỏ để giám sát ô nhiễm

Saved in:
Bibliographic Details
Main Author: Hoàng Văn Thế
Other Authors: Phạm Thị Hồng Hà TS. (Hướng dẫn)
Format: Book
Language:Vietnamese
Published: Đà Nẵng Đại học Đà Nẵng 2014
Subjects:
Tags: Add Tag
No Tags, Be the first to tag this record!
Institutions: Mạng thư viện Đại học Đà Nẵng
LEADER 01760nam a2200361 4500
001 000019451
003 15886
005 20140505100542.0
008 140505s2014 viesd
041 |a vie 
082 1 4 |a 594.786  |b HO-T 
100 |a Hoàng Văn Thế 
245 |a Nghiên cứu khả năng sử dụng một số loài động vật hai mảnh vỏ để giám sát ô nhiễm kim loại nặng trong trầm tích tại khu vực cửa Đại, thành phố Hội An, tỉnh Quảng Nam  |c Hoàng Văn Thế ; Phạm Thị Hồng Hà hướng dẫn.  |k Luận văn Thạc sĩ 
260 |a Đà Nẵng  |b Đại học Đà Nẵng  |c 2014 
300 |a 89 tr., phụ lục 16 tr.  |c 29 cm.  |e Tóm tắt 
500 |a Luận văn thạc sĩ Khoa học. Chuyên ngành: Sinh thái học. Mã số: 60.42.60. 
520 |a Đánh giá khả năng sử dụng động vật hai mảnh vỏ để giám sát ô nhiễm 
650 0 4 |a Động vật hai mảnh vỏ  |v Luận văn tốt nghiệp  |x Giảm sát ô nhiễm kim loại nặng  |x Cửa sông  |z Quảng Nam 
653 |a Sinh thái học 
653 |a Động vật hai mảnh vỏ 
653 |a Giảm sát ô nhiễm kim loại nặng 
653 |a Cửa sông 
700 1 |a Phạm Thị Hồng Hà  |c TS.  |e Hướng dẫn 
OWN |a LSP 
AVA |a UDN50  |b LSP  |d 594.786 HO-T  |e available  |t Error 5001 Not defined in file expand_doc_bib_avail.  |f 1  |g 0  |h N  |i 0  |k 1 
999 |a From the UDN01 
AVA |a UDN50  |b LSP  |d 594.786 HO-T  |e available  |t Error 5001 Not defined in file expand_doc_bib_avail.  |f 1  |g 0  |h N  |i 0  |k 1 
TYP |a Monograph 
TYP |a Printed language 
980 |a Mạng thư viện Đại học Đà Nẵng